| 000 | 01180cad a22002175a 4500 | ||
|---|---|---|---|
| 001 | L140934 | ||
| 008 | 071017s2007 xxkbo f 000 0 eng d | ||
| 035 | _a(Sirsi) u140934 | ||
| 041 | 0 | _aeng | |
| 050 | 0 | 4 | _a711.52 $2 18 |
| 110 | 2 |
_aEnglish Heritage _92714 |
|
| 245 | 0 | 3 |
_aAn asset and a challenge _bheritage and regeneration in coastal towns in England, final report, October 2007 _h[electronic resource] |
| 260 |
_aSwindon _bEnglish Heritage _c2007 |
||
| 520 | _aCovers the range of issues affecting coastal towns in Britain. Uses case studies to promote good practice of regeneration using heritage issues as its catalyst. Explores the issues from the perspective of national policies and issues including climate change and sustainability, contemporary tourism and creative industries. Concludes that heritage offers a powerful and positive resource for delivering regeneration to historic coastal towns. | ||
| 590 | _aKA | ||
| 651 | 4 |
_aEngland _y886- |
|
| 690 | _aPROPERTY-PROPERTY MANAGEMENT-REGENERATION | ||
| 710 | 2 | _aUrban Practitioners | |
| 856 | 4 | 0 |
_uhttps://www.helm.org.uk/server/show/nav.18087 _zView the item free of charge at www.helm.org.uk... |
| 942 | _n0 | ||
| 999 |
_c107578 _d107578 |
||